000 00585nam a22001817a 4500
005 20130821145102.0
010 _aENG-107839
020 _a9789380831824
_c224.00
035 _aEN-91372
037 _bDBAD/PUB
082 _a320.3
100 _aReddy, D. Chandra Mouli
245 _aComparative politics /
_cby D. Chandra Mouli Reddy
260 _aHyderabad
_bStudentshelpline Publishing House
_c2012
270 _a326/C, Surneni Nilayam, near B K Guda Park, S.R. Nagar,
_bHyderabad
_e500038
300 _avarious pagings
_c22cm(pbk)
942 _2ddc
_cEN
_mRED
_h320.3
999 _c77273
_d77273